Pravidelná zpráva Evropské komise o ČR za rok 2002

Neoficiálny redakčne skrátený preklad ČTK. Politické a ekonomické kritériá členstva a schopnosť plniť záväzky spojené s členstvom. Kapitoly acquis, preklady acquis do národných jazykov. Prístupové partnerstvo a akčný plán na posilnenie administratívnej kapacity a výkonnosti súdnictva. Súhrnné hodnot...

Description complète

Enregistré dans:
Détails bibliographiques
Format: Chapitre de livre
Langue:tchèque
Sujets:
Tags: Ajouter un tag
Pas de tags, Soyez le premier à ajouter un tag!

MARC

LEADER 00000naa a2200000 4500
001 r046965
005 20231004070729.3
041 0 |a cze 
044 |a CZ 
245 1 0 |a Pravidelná zpráva Evropské komise o ČR za rok 2002 
520 |a Neoficiálny redakčne skrátený preklad ČTK. Politické a ekonomické kritériá členstva a schopnosť plniť záväzky spojené s členstvom. Kapitoly acquis, preklady acquis do národných jazykov. Prístupové partnerstvo a akčný plán na posilnenie administratívnej kapacity a výkonnosti súdnictva. Súhrnné hodnotenie celkovej situácie a stanovenie hlavných krokov, ktoré musí Česká republika ešte urobiť v príprave na pristúpenie. Dynamické posúdenie hospodárskej výkonnosti ČR s výhľadom do budúcnosti. 
610 2 0 |a spolupráca hospodárska medzinárodná 
610 2 0 |a Európska únia 
610 2 0 |a Česko 
610 2 0 |a dokumenty 
610 2 0 |a 2002